Turkey Provinces Quiz - Statistics

General Stats
  • This quiz has been taken 42 times
  • The average score is 9 of 15
Answer Stats
Fact Answer % Correct
Its the capital of Turkey. Ankara
94%
This province is a good partner with Bremen, Germany. Izmir
82%
This province is the largest production centre of Turkish automotive industry. Bursa
79%
This province was almost a island. Istanbul
79%
According to German geographers Georg Hassel and Adam Christian Gaspari, Malatya was composed of 1200 to 1500 houses in early 19th century, inhabited by Ottomans, Turkmens, Armenians, and Greeks, while the mountainous areas in the sanjak of Malatya were mostly inhabited by Kurdish tribes such as Reşwan. Malatya
79%
This province Minister once tryed to sue the show Batman. Batman
76%
Its name has to do with a famous phone company. Samsun
73%
This provinces football team won last years Süper Lig. Trabzon
73%
This province is as big as Belgium. Sivas
55%
A 2016 survey showed that 90.4% of the population spoke Turkish, 64.1% spoke Zaza, 40.1% spoke Kurmanji and 5.6% spoke Arabic. Bingöl
48%
Locals claim that this province is the most peaceful city in the world. Kayseri
48%
This province is popular of there hammams. Eskişehir
45%
The province is well known for its apples, sour cherries, grapes, roses and rose products, and carpets. Isparta
45%
This province is famous of there famous umbrella street. Aksaray
36%
This province is closest to the capita of Turkey. Çankiri
33%
No matching quizzes found
Score Distribution
Percent of People with Each Score
Percentile by Number Answered
Your Score History
You have not taken this quiz